000 01107nam a2200301 i 4500
001 bg
100 1 _aCierniak, Robert.
245 1 0 _aNowe algorytmy rekonstrukcji obrazu z projekcji z zastosowaniem sieci neuronowych typu Hopfielda /
_cRobert Cierniak ;
_nPolitechnika Częstochowska.
260 _aCzęstochowa :
_bWydawnictwo Politechniki Częstochowskiej,
_c2006.
300 _a223 s. :
_brys., wykr. ;
_c24 cm
490 1 _aMonografie / Politechnika Częstochowska,
_x0860-5017 ;
_vnr 125
504 _aBibliogr.
546 _aStreszcz. ang., ros.
650 9 _aAlgorytmy
_xstosowanie
_xtechnika
650 9 _aPrzetwarzanie obrazów
650 9 _aSieci neuronowe
_xstosowanie
_xtechnika
650 9 _aSymulacja
_xstosowanie
_xtechnika
650 9 _aTomografia komputerowa
830 0 _aMonografie - Politechnika Częstochowska
_x0860-5017
_vnr 125
020 _a9788371933233
040 _cBPK
041 0 _apol
_bengrus
044 _aPOL
080 _a004.932:004.032.26:004.94:004.021:616-073.7
920 _a978-83-7193-323-3
942 _cKS
008 s pl f |000 0 pol
999 _c54144
_d54144
856 _uhttp://koha.tu.koszalin.pl/cgi-bin/koha/opac-detail.pl?biblionumber=54144
_yKatalog online BPK